[Event "EU-ch Amateur Online Final 1400/1700"]
[Site "Tornelo INT"]
[Date "2021.04.18"]
[Round "8"]
[White "Yorukcuoglu, Can"]
[Black "Tagkaloglou, Savvas Stefanos"]
[Result "0-1"]
[WhiteElo "1389"]
[BlackElo "1487"]
[PlyCount "52"]
[EventDate "2021.04.18"]
[EventType "swiss (rapid)"]
[EventRounds "9"]
[EventCountry "NET"]
[SourceTitle "EXT 2023"]
[Source "ChessBase"]
[SourceDate "2022.10.05"]
[SourceVersion "1"]
[SourceVersionDate "2022.10.05"]
[SourceQuality "1"]

1. e4 Nf6 2. e5 Nd5 3. d4 d6 4. c4 Nb6 5. exd6 exd6 6. Nc3 Be7 7. Nf3 0-0 8. Bd3 Nc6 9. h3 Bf6 10. Be3 Re8 11. 0-0 d5 12. c5 Nc4 13. Bxc4 dxc4 14. d5 Ne5 15. Nxe5 Bxe5 16. Bd4 Bf4 17. Qf3 Qg5 18. Rfe1 Bf5 19. Ne4 Qg6 20. Nc3 Bd2 21. Red1 Bxc3 22. Qxc3 Be4 23. f3 Bxd5 24. Be5 c6 25. Bd6 Re2 26. Rd2 Qxg2# 0-1